| 000 | 00603nam a22001697a 4500 | ||
|---|---|---|---|
| 999 |
_c18217 _d18217 |
||
| 003 | AR-CdUCM | ||
| 008 | 190513b ||||| |||| 00| 0 spa d | ||
| 040 |
_aMUNICIPALIDAD PROVINCIAL DEL CUSCO _cBIBLIOTECA MUNICIPAL DEL CUSCO |
||
| 082 |
_a194 / _bC74 |
||
| 100 |
_aCondillac _936635 |
||
| 245 | _aLógica elemental / | ||
| 300 |
_a154 páginas :; _c18 cm. |
||
| 500 | _aLibro incompleto. | ||
| 505 | _aObjetivo de la obra -- como imparte la naturaleza las primeras lecciones del arte de pensar -- El único metodo de adquirir conocimiento es el analítico... | ||
| 942 |
_2ddc _cLIBROS |
||
| 945 | _awfj | ||